000 00597nam a2200205 a 4500
001 51684
003 BD-RjUL
005 20211209075711.0
008 160901s1963 rur 000 0 eng
035 _a(BD-RjUL)51804
040 _aLC
_beng
_cLC
_dLC
_dBD-RjUL
041 1 _aengrus
082 0 0 _a491.75
_223
_bVIR 1963
100 1 _aVilgelminina, A. A.
_9154509
245 1 4 _aThe Russian verb :
_baspect and voice
_cA. A. Vilgelminina
260 _aMoscow :
_bForeign Languages Pub. House
_c1963.
300 _a142 p. :
_bill ;
_c20 cm.
650 0 _aRussian language
_xVerb
_9154510
942 _2ddc
_cBK
999 _c51684
_d51684